Materiales para el estudio del derecho administrativo economico

Detalles Bibliográficos
Autor principal: Ahumada Ramos, Francisco Javier de
Formato: Desconocido
Lenguaje:español
Publicado: Madrid : Dykinson, 2001
Materias:
Acceso en línea:Acceso restringido

MARC

LEADER 00000ny a22000003n 4500
005 20110621111422.0
006 m u
007 cr cn|||||||||
008 200508r2001 sp |||||s|||||||||||spa d
020 |a 9788481558524 
035 |a 143 
040 |a FlNmELB  |c FlNmELB  |d vlex 
050 1 4 |a KKT2720  |b A287 2001eb 
080 |a 342.9 
090 |c 1319  |d 1319 
100 1 |a Ahumada Ramos, Francisco Javier de 
245 1 0 |a Materiales para el estudio del derecho administrativo economico  |h [Recurso electrn̤ico]  |c Francisco Javier de Ahumada Ramos 
256 |a Servicio en ln̕ea 
260 |a Madrid :  |b Dykinson,  |c 2001 
300 |a [13]-268 p 
650 0 7 |2 Tesauro vLex  |a Administrativo 
650 0 7 |2 Tesauro vLex  |a Actividad administrativa 
650 0 7 |2 Tesauro vLex  |a Acto administrativo 
650 0 7 |2 Tesauro vLex  |a Procedimiento econm̤ico administrativo 
740 0 |a vLex Libros (Servicios en ln̕ea) 
856 4 0 |z Acceso restringido  |u http://vlex.com/source/143 
942 |c BOOK